À quel album appartient cette chanson - Lady Gaga - Statistiques

Statistiques générales
  • Ce quiz a été pris 65 fois
  • Le résultat moyen est 30 sur 38
Statistiques - réponses
Hint Réponse % Correct
Born This Way Born This Way
93%
Die With A Smile MAYHEM
91%
Venus ARTPOP
89%
Shallow A Star Is Born
89%
Stupid Love Chromatica
89%
Garden of Eden MAYHEM
89%
Abracadabra MAYHEM
89%
Perfect Celebrity MAYHEM
89%
Blade of Grass MAYHEM
89%
The Joker Harlequin
87%
The Dead Dance MAYHEM
87%
Vanish Into You MAYHEM
87%
Always Remember Us This Way A Star Is Born
84%
Folie à Deux Harlequin
84%
Million Reasons Joanne
82%
Disease MAYHEM
82%
Just Dance The Fame
82%
G.U.Y. ARTPOP
80%
Donatella ARTPOP
80%
Applause ARTPOP
80%
Bloody Mary Born This Way
80%
Kill For Love MAYHEM
80%
Rain On Me Chromatica
78%
911 Chromatica
78%
Alice Chromatica
78%
Paparazzi The Fame
78%
Poker Face The Fame
78%
Judas Born This Way
76%
Replay Chromatica
76%
Free Woman Chromatica
76%
Sine From Above Chromatica
76%
Get Happy Harlequin
73%
Telephone The Fame Monster
71%
Scheiße Born This Way
69%
Bad Romance The Fame Monster
67%
La Vie en Rose A Star Is Born
64%
Alejandro The Fame Monster
64%
Monster The Fame Monster
62%
Aucun quiz correspondant
Distribution des résultats
% des personnes avec chaque résultat
Percentile par nombre de réponses
Votre historique - résultats
Vous n’avez pas pris ce quiz